000 00213nam a22000857a 4500
001 1235172
005 20250930105931.0
245 _aÖZÜR OLAN VE OLMAYAN
_cBRIGITTE LABBE
260 _bGÜNIŞIĞI KİTAPLIĞI YAYINLARI
999 _c1235172
_d1235172